[Event "7th European Individual Senior Champion."]
[Site "Hockenheim, Germany"]
[Date "2007.06.02"]
[Round "1.67"]
[White "Jicman, Ligia-Letitia"]
[Black "Paulsen, Eckart"]
[Result "1-0"]
[WhiteElo "2167"]
[BlackElo "1833"]
[PlyCount "131"]
[EventDate "2007.??.??"]

1. e4 e6 2. d4 d5 3. Nd2 dxe4 4. Nxe4 Bd7 5. Nf3 Bc6 6. Bd3 Nd7 7. c3 Ngf6 8.
Ng3 Be7 9. O-O O-O 10. Qe2 Bxf3 11. Qxf3 c6 12. Bc2 Re8 13. Re1 Qa5 14. b4 Qb6
15. Be3 Nd5 16. Bd2 N5f6 17. Rab1 a5 18. bxa5 Qxa5 19. Rxb7 Qxa2 20. Qd3 Nf8
21. Reb1 Qa6 22. c4 c5 23. Bc3 cxd4 24. Bxd4 Qd6 25. Qf3 Qa6 26. h3 Qxc4 27.
Bd3 Qd5 28. Ne4 N8d7 29. R7b5 Qa2 30. Ra1 Qxa1+ 31. Bxa1 Rxa1+ 32. Kh2 Nd5 33.
Rb7 Ne5 34. Qg3 Ng6 35. Ng5 Ra3 36. Bxg6 Rxg3 37. Bxf7+ Kf8 38. fxg3 Bxg5 39.
Bxe8 Kxe8 40. Rxg7 h6 41. h4 Be3 42. Rb7 Ne7 43. g4 Kf7 44. g3 Kf6 45. Kg2 e5
46. Kf3 Bd4 47. Ke4 Bf2 48. Rb3 Bd4 49. Rf3+ Kg6 50. Ra3 Ng8 51. Ra6+ Nf6+ 52.
Kf3 Kg7 53. g5 hxg5 54. hxg5 Nh7 55. Kg4 Be3 56. g6 Nf6+ 57. Kf5 Nh5 58. g4
Ng3+ 59. Kxe5 Bg5 60. Ra3 Bf6+ 61. Ke6 Ne4 62. g5 Nxg5+ 63. Kf5 Bd8 64. Ra7+
Kf8 65. Ra8 Ke7 66. Kxg5 1-0

[Event "7th European Individual Senior Champion."]
[Site "Hockenheim, Germany"]
[Date "2007.06.02"]
[Round "1.68"]
[White "Mann, Guenter"]
[Black "Mesiarik, Rudolf"]
[Result "0-1"]
[WhiteElo "1823"]
[BlackElo "2167"]
[PlyCount "94"]
[EventDate "2007.??.??"]

1. e4 Nf6 2. Nc3 d5 3. e5 Nfd7 4. d4 e6 5. Nf3 c5 6. Be3 cxd4 7. Bxd4 Nc6 8.
Bb5 a6 9. Bxc6 bxc6 10. Ne2 c5 11. Bc3 Qc7 12. Qd2 a5 13. Qf4 h6 14. h4 g6 15.
O-O Bg7 16. Rfe1 d4 17. Bd2 Rb8 18. c3 Nxe5 19. Kh1 Rb7 20. Nexd4 Nd3 21. Qxc7
Rxc7 22. Nb5 Rd7 23. Be3 Ba6 24. a4 Nxe1 25. Rxe1 O-O 26. Bxc5 Rc8 27. Bd4 Rd5
28. Bxg7 Kxg7 29. Nbd4 Rc4 30. Ra1 e5 31. Nc2 Rc7 32. Ne3 Rdc5 33. Kh2 Rb7 34.
Ra2 Bd3 35. Nd2 f5 36. g3 f4 37. Ng2 g5 38. f3 Rc6 39. Ne1 Bf5 40. b4 Rxc3 41.
b5 Rc1 42. Ng2 Rc2 43. Rxc2 Bxc2 44. Nc4 Bxa4 45. b6 Bb5 46. Nxa5 Rxb6 47. gxf4
gxf4 0-1

[Event "7th European Individual Senior Champion."]
[Site "Hockenheim, Germany"]
[Date "2007.06.02"]
[Round "1.69"]
[White "Brondum, Eric"]
[Black "Bue, Gunnar"]
[Result "1-0"]
[WhiteElo "2164"]
[BlackElo "1813"]
[PlyCount "73"]
[EventDate "2007.??.??"]

1. d4 Nf6 2. Bg5 h6 3. Bxf6 exf6 4. e3 g6 5. c4 Bg7 6. Nc3 O-O 7. Bd3 f5 8.
Nge2 c6 9. Nf4 Na6 10. a3 Nc7 11. O-O a6 12. Rc1 d6 13. b4 Bd7 14. a4 b6 15.
Qb3 Kh7 16. Qa3 Re8 17. Rfd1 Bf8 18. Qa2 c5 19. bxc5 bxc5 20. dxc5 dxc5 21. Be2
Qe7 22. Ncd5 Nxd5 23. Nxd5 Qd8 24. a5 Ra7 25. Nb6 Qe7 26. Bf3 Be6 27. Bd5 Bxd5
28. Nxd5 Qe5 29. Qa4 Re6 30. Rb1 g5 31. g3 Kg7 32. Rb6 Bd6 33. Rdb1 f4 34. exf4
gxf4 35. Nxf4 Rf6 36. Qa1 Rxf4 37. gxf4 1-0

[Event "7th European Individual Senior Champion."]
[Site "Hockenheim, Germany"]
[Date "2007.06.02"]
[Round "1.70"]
[White "Wibe, Per H"]
[Black "Villing, Dieter"]
[Result "0-1"]
[WhiteElo "1808"]
[BlackElo "2160"]
[PlyCount "78"]
[EventDate "2007.??.??"]

1. c4 e5 2. g3 c6 3. Bg2 Nf6 4. Nc3 Be7 5. e3 O-O 6. Nge2 d5 7. cxd5 cxd5 8. d4
e4 9. f3 exf3 10. Bxf3 Bg4 11. Nf4 Bxf3 12. Qxf3 Bb4 13. O-O Bxc3 14. bxc3 Nc6
15. Ba3 Re8 16. Rab1 Qa5 17. Rxb7 Qxa3 18. Nxd5 Qd6 19. Nc7 Re7 20. Nb5 Qd5 21.
Qxd5 Nxd5 22. Rxe7 Ndxe7 23. c4 f6 24. d5 Ne5 25. d6 N7c6 26. c5 Rb8 27. Nd4
Kf7 28. Rf2 Rb1+ 29. Kg2 Rc1 30. Nxc6 Nxc6 31. Rf5 Ne5 32. Rf4 Rxc5 33. Rd4 Ke6
34. e4 Rc2+ 35. Kh3 g5 36. g4 Rxa2 37. Rb4 Kxd6 38. Rb7 Ra3+ 39. Kg2 Nxg4 0-1

[Event "7th European Individual Senior Champion."]
[Site "Hockenheim, Germany"]
[Date "2007.06.02"]
[Round "1.71"]
[White "Minz, Michael"]
[Black "Schuller, Erhard"]
[Result "1-0"]
[WhiteElo "2159"]
[BlackElo "1791"]
[PlyCount "73"]
[EventDate "2007.??.??"]

1. e4 c5 2. Nc3 d6 3. g3 a6 4. Bg2 Nf6 5. d3 e6 6. f4 Be7 7. Nh3 Qc7 8. O-O Nc6
9. Be3 Rb8 10. Nf2 b5 11. Qd2 O-O 12. g4 h6 13. Ne2 Bb7 14. c3 Nh7 15. d4 cxd4
16. cxd4 Qa5 17. Qd1 Rfc8 18. Nd3 Bf8 19. a3 Qd8 20. b4 Ne7 21. f5 exf5 22.
gxf5 Nf6 23. Ng3 Nd7 24. Nh5 Kh7 25. f6 gxf6 26. Nxf6+ Nxf6 27. Rxf6 Kg8 28.
Qf3 Ng6 29. Rf1 Rc7 30. Rxf7 Bxe4 31. Rxf8+ Nxf8 32. Qxe4 Rh7 33. d5 Rhb7 34.
Nf4 Rc7 35. Bd4 Rc4 36. Ne6 Rxd4 37. Qxd4 1-0

[Event "7th European Individual Senior Champion."]
[Site "Hockenheim, Germany"]
[Date "2007.06.02"]
[Round "1.72"]
[White "Wanner, Georges"]
[Black "Bondick, Karl-Heinz"]
[Result "0-1"]
[WhiteElo "1770"]
[BlackElo "2158"]
[PlyCount "86"]
[EventDate "2007.??.??"]

1. e4 e5 2. Bc4 Qe7 3. Nf3 f5 4. Qe2 Nf6 5. d3 c6 6. Bg5 d6 7. a4 Be6 8. Nbd2
Nbd7 9. Bxf6 gxf6 10. Nh4 fxe4 11. Qh5+ Qf7 12. Qxf7+ Kxf7 13. Bxe6+ Kxe6 14.
dxe4 d5 15. f3 Bh6 16. O-O-O dxe4 17. fxe4 Nc5 18. Nf5 Bxd2+ 19. Rxd2 Rhd8 20.
Rhd1 Rxd2 21. Rxd2 Nxe4 22. Ng7+ Kf7 23. Rd7+ Kg6 24. Ne6 Re8 25. Ng7 Rb8 26.
h4 h5 27. Ne6 Kf5 28. Ng7+ Kg4 29. Ne6 Kxh4 30. Rg7 Re8 31. Rxb7 Rxe6 32. Rxa7
Kg3 33. a5 c5 34. a6 c4 35. Rg7+ Kf2 36. a7 Ra6 37. c3 Nc5 38. b4 cxb3 39. Kb2
Ke2 40. Rc7 Ra2+ 41. Kb1 Ne4 42. Rb7 Nxc3+ 43. Kc1 Rc2# 0-1

[Event "7th European Individual Senior Champion."]
[Site "Hockenheim, Germany"]
[Date "2007.06.02"]
[Round "1.73"]
[White "Van Oosten, Arend"]
[Black "Ivanova, Marianna"]
[Result "1-0"]
[WhiteElo "2155"]
[BlackElo "1761"]
[PlyCount "65"]
[EventDate "2007.??.??"]

1. e4 c5 2. Nc3 e6 3. g3 Ne7 4. Bg2 Ng6 5. d3 Be7 6. Be3 O-O 7. Nge2 Nc6 8. Qd2
d6 9. f4 Bd7 10. h4 Nh8 11. h5 f5 12. exf5 exf5 13. Nd5 Nf7 14. O-O-O h6 15.
Rhe1 Be6 16. d4 c4 17. Nxe7+ Qxe7 18. d5 Bd7 19. dxc6 bxc6 20. Bd4 Kh7 21. Bc3
Rg8 22. Nd4 Qd8 23. Nxc6 Bxc6 24. Bxc6 Rb8 25. Bd5 Qf8 26. Be6 Rb5 27. Bxc4 Rb6
28. Qd3 g6 29. hxg6+ Rxg6 30. Qxf5 Rb7 31. Qxg6+ Kxg6 32. Bd3+ Kh5 33. Bf5 1-0

[Event "7th European Individual Senior Champion."]
[Site "Hockenheim, Germany"]
[Date "2007.06.02"]
[Round "1.74"]
[White "Yusym, Anatoly"]
[Black "Kripp, Wolfgang"]
[Result "0-1"]
[WhiteElo "1759"]
[BlackElo "2146"]
[PlyCount "84"]
[EventDate "2007.??.??"]

1. Nf3 d5 2. d3 Nf6 3. g3 Nbd7 4. Nbd2 e5 5. Bg2 h6 6. O-O Bd6 7. e4 c6 8. Re1
O-O 9. Nf1 dxe4 10. dxe4 Nc5 11. Nh4 Bc7 12. Qe2 Be6 13. b3 Qc8 14. Ba3 Bb6 15.
Nf5 Bxf5 16. exf5 Re8 17. Ne3 Nce4 18. Rf1 Bd4 19. Rae1 Nc3 20. Qd3 Nxa2 21.
Nc4 Rd8 22. Nd6 Qc7 23. Qc4 Rxd6 24. Bxd6 Qxd6 25. Rd1 Qc5 26. Qxc5 Bxc5 27. h3
Nc3 28. Rde1 Bd4 29. Kh2 Nfd5 30. Bf3 Re8 31. Bd1 Kf8 32. Be2 Nxe2 33. Rxe2 Nc3
34. Rd2 Ne4 35. Re2 Nc3 36. Rd2 c5 37. Kg2 h5 38. Re1 e4 39. g4 hxg4 40. hxg4
Re5 41. Kg3 e3 42. fxe3 Ne4+ 0-1

[Event "7th European Individual Senior Champion."]
[Site "Hockenheim, Germany"]
[Date "2007.06.02"]
[Round "1.75"]
[White "Sorokina, Tamara"]
[Black "Thonig, Manfred"]
[Result "1-0"]
[WhiteElo "2145"]
[BlackElo "1755"]
[PlyCount "59"]
[EventDate "2007.??.??"]

1. Nf3 f5 2. d4 e6 3. g3 Nf6 4. Bg2 Bb4+ 5. c3 Be7 6. O-O O-O 7. Qc2 d5 8. Ne5
Qe8 9. f3 b6 10. c4 Bb7 11. b3 c5 12. Be3 cxd4 13. Bxd4 Nc6 14. Nxc6 Bxc6 15.
Nd2 e5 16. Bf2 e4 17. cxd5 Bxd5 18. fxe4 Rc8 19. Qd3 fxe4 20. Nxe4 Bxe4 21.
Bxe4 Rd8 22. Qc4+ Rf7 23. Bf3 Rc8 24. Qe6 Qf8 25. Rac1 Rxc1 26. Rxc1 Kh8 27.
Rc8 Ne8 28. Qd7 Bc5 29. Qxe8 Bxf2+ 30. Kxf2 1-0

[Event "7th European Individual Senior Champion."]
[Site "Hockenheim, Germany"]
[Date "2007.06.02"]
[Round "1.76"]
[White "Werner, Alfons"]
[Black "Stull, Norbert"]
[Result "1/2-1/2"]
[WhiteElo "1743"]
[BlackElo "2144"]
[PlyCount "47"]
[EventDate "2007.??.??"]

1. e4 c5 2. c3 Nf6 3. e5 Nd5 4. d4 cxd4 5. cxd4 e6 6. Nf3 b6 7. Be2 Ba6 8. O-O
Bxe2 9. Qxe2 Be7 10. Bd2 O-O 11. Nc3 Nxc3 12. Bxc3 d5 13. Rac1 Nd7 14. Rc2 a6
15. Rfc1 b5 16. a3 Rc8 17. Qe1 Nb6 18. Ba5 Rxc2 19. Rxc2 Qb8 20. Bxb6 Qxb6 21.
Qc1 Bd8 22. Rc6 Qa7 23. Rc8 Bb6 24. Qc6 1/2-1/2

[Event "7th European Individual Senior Champion."]
[Site "Hockenheim, Germany"]
[Date "2007.06.02"]
[Round "1.77"]
[White "Serra Olives, Tomas"]
[Black "Bartle, Georg"]
[Result "1-0"]
[WhiteElo "2138"]
[BlackElo "1724"]
[PlyCount "79"]
[EventDate "2007.??.??"]

1. e4 d5 2. exd5 Qxd5 3. Nc3 Qa5 4. d4 c6 5. Bc4 Bf5 6. Nf3 Nf6 7. Ne5 e6 8. g4
Be4 9. f3 Bd5 10. Bd3 Bb4 11. Bd2 Nbd7 12. a3 Bxc3 13. bxc3 Qa4 14. c4 Nxe5 15.
dxe5 Bxc4 16. exf6 gxf6 17. Bc3 Bxd3 18. Qxd3 Rd8 19. Qe4 Qxe4+ 20. fxe4 e5 21.
Rf1 Rg8 22. h3 Ke7 23. Rf5 Ke6 24. Ke2 c5 25. Raf1 Rg6 26. g5 Rxg5 27. Rxf6+
Ke7 28. Rxf7+ Ke8 29. Rxb7 Rd7 30. Rxd7 Kxd7 31. Rf7+ Kd6 32. Rxh7 Rg2+ 33. Kd3
Rg3+ 34. Kc4 Re3 35. Rh6+ Kd7 36. Bxe5 Rxe4+ 37. Kd5 Ra4 38. Rh7+ Ke8 39. Ke6
Ra6+ 40. Bd6 1-0

[Event "7th European Individual Senior Champion."]
[Site "Hockenheim, Germany"]
[Date "2007.06.02"]
[Round "1.78"]
[White "Luebbers, Doris Dr"]
[Black "Kock, Hans-Uwe"]
[Result "0-1"]
[WhiteElo "1668"]
[BlackElo "2137"]
[PlyCount "56"]
[EventDate "2007.??.??"]

1. d4 Nf6 2. Bf4 d6 3. e3 g6 4. c3 Bg7 5. h3 Nbd7 6. Bd3 e5 7. dxe5 dxe5 8. Bh2
O-O 9. e4 Nc5 10. Bc2 Qxd1+ 11. Kxd1 Ncxe4 12. Bxe4 Nxe4 13. Ke2 b6 14. Nf3
Ba6+ 15. Ke1 Nc5 16. Nxe5 Bxe5 17. Bxe5 Nd3+ 18. Kd2 Nxe5 19. Na3 Rad8+ 20. Kc2
Bd3+ 21. Kb3 Nd7 22. c4 Nc5+ 23. Kb4 c6 24. Rac1 a5+ 25. Kc3 Ne4+ 26. Kb3 b5
27. f3 Nc5+ 28. Kc3 b4+ 0-1

[Event "7th European Individual Senior Champion."]
[Site "Hockenheim, Germany"]
[Date "2007.06.02"]
[Round "1.80"]
[White "Pfister, Valentina-Rodina"]
[Black "Schmoll, Heinz"]
[Result "0-1"]
[WhiteElo "1566"]
[BlackElo "2133"]
[PlyCount "74"]
[EventDate "2007.??.??"]

1. e4 c5 2. Nf3 d6 3. d4 cxd4 4. Nxd4 Nf6 5. Nc3 a6 6. a3 e5 7. Nf3 h6 8. h3
Be6 9. Bd3 Nbd7 10. O-O Be7 11. Be3 Qc7 12. Rc1 O-O 13. Na4 b5 14. Nc3 Qb7 15.
b4 Rac8 16. Qd2 Rfd8 17. Rfe1 d5 18. exd5 Nxd5 19. Be4 N7f6 20. Nxd5 Nxe4 21.
Nxe7+ Qxe7 22. Qe2 Bc4 23. Bc5 Nxc5 24. Qxe5 Qxe5 25. Rxe5 Ne6 26. Re3 Nf4 27.
Kh2 Be6 28. c3 Rd3 29. Rxd3 Nxd3 30. Rc2 Bb3 31. Re2 Rxc3 32. Re8+ Kh7 33. Kg3
Bd5 34. Re3 Bc4 35. Ne5 Rxa3 36. Nxc4 bxc4 37. Kf3 c3 0-1

[Event "7th European Individual Senior Champion."]
[Site "Hockenheim, Germany"]
[Date "2007.06.02"]
[Round "1.81"]
[White "Dydy, Kaplan"]
[Black "Otto, Klaus"]
[Result "1-0"]
[WhiteElo "2127"]
[BlackElo "1522"]
[PlyCount "61"]
[EventDate "2007.??.??"]

1. e4 e6 2. d4 d5 3. e5 c5 4. c3 Nc6 5. Nf3 Qb6 6. Bd3 Bd7 7. dxc5 Bxc5 8. O-O
Qc7 9. b4 Bb6 10. Qe2 Nge7 11. a4 a6 12. Na3 Ng6 13. Re1 Nce7 14. a5 Ba7 15. b5
Qxa5 16. Bd2 Qd8 17. bxa6 bxa6 18. h4 Nf5 19. Bg5 Nfe7 20. h5 Nf8 21. Bxa6
Bxf2+ 22. Kxf2 Qb6+ 23. Be3 Qxa6 24. Qxa6 Rxa6 25. Nc4 Bc8 26. Nd6+ Kd7 27.
Nxc8 Rxa1 28. Nb6+ Kc7 29. Rxa1 Nf5 30. Ra7+ Kc6 31. Nd4+ 1-0

[Event "7th European Individual Senior Champion."]
[Site "Hockenheim, Germany"]
[Date "2007.06.02"]
[Round "1.82"]
[White "Ovesen, Karsten"]
[Black "Rahn, Oskar"]
[Result "1/2-1/2"]
[WhiteElo "1428"]
[BlackElo "2122"]
[PlyCount "88"]
[EventDate "2007.??.??"]

1. d4 d5 2. Nf3 Nf6 3. Bg5 e6 4. e3 Be7 5. Bd3 Nbd7 6. Nbd2 b6 7. c3 Bb7 8. Qe2
Ne4 9. Bxe7 Qxe7 10. c4 O-O 11. O-O Nxd2 12. Nxd2 e5 13. cxd5 exd4 14. e4 Ne5
15. Nf3 Nxd3 16. Qxd3 c5 17. dxc6 Bxc6 18. Nxd4 Qxe4 19. Qxe4 Bxe4 20. Rfe1
Rfe8 21. f3 Bd5 22. a3 a6 23. Kf2 Kf8 24. Rxe8+ Rxe8 25. Re1 g6 26. Rxe8+ Kxe8
27. Ke3 Ke7 28. g3 Kd6 29. f4 f5 30. b4 Be4 31. Kd2 Kd5 32. Kc3 Bg2 33. a4 Ke4
34. Ne6 h6 35. Nf8 g5 36. fxg5 hxg5 37. Nd7 f4 38. gxf4 gxf4 39. Nxb6 f3 40.
Nc4 f2 41. Nd2+ Ke3 42. b5 axb5 43. axb5 f1=Q 44. Nxf1+ Bxf1 1/2-1/2

[Event "7th European Individual Senior Champion."]
[Site "Hockenheim, Germany"]
[Date "2007.06.03"]
[Round "2.1"]
[White "Van Den Berg, Ad"]
[Black "Pushkov, Nikolai"]
[Result "0-1"]
[WhiteElo "2204"]
[BlackElo "2522"]
[PlyCount "78"]
[EventDate "2007.??.??"]

1. e4 e6 2. d4 d5 3. Nc3 Bb4 4. e5 Ne7 5. a3 Bxc3+ 6. bxc3 b6 7. a4 Ba6 8. Bb5+
Bxb5 9. axb5 c6 10. bxc6 Nbxc6 11. Ne2 Na5 12. h4 Qc7 13. Rh3 O-O-O 14. h5 h6
15. Qd3 Kb7 16. g4 Nc4 17. f4 g6 18. Ng3 Rdg8 19. Qf3 Qd7 20. Rh1 a5 21. Rf1
Ka6 22. Qe2 Ka7 23. Qd3 Qd8 24. Qf3 Nc6 25. Rh1 b5 26. hxg6 fxg6 27. f5 gxf5
28. gxf5 exf5 29. Nh5 Ne7 30. Ba3 Nxa3 31. Rxa3 Qb6 32. Nf4 b4 33. cxb4 Qxb4+
34. Qc3 Qxc3+ 35. Rxc3 Rg4 36. Ne6 Kb6 37. Kf2 Nc6 38. Rb3+ Ka7 39. c3 h5 0-1

[Event "7th European Individual Senior Champion."]
[Site "Hockenheim, Germany"]
[Date "2007.06.03"]
[Round "2.2"]
[White "Farago, Ivan"]
[Black "Estrada Martinez, Cesar"]
[Result "1-0"]
[WhiteElo "2501"]
[BlackElo "2208"]
[PlyCount "133"]
[EventDate "2007.??.??"]

1. d4 d5 2. c4 c6 3. Nf3 Nf6 4. Nc3 g6 5. Bf4 Bg7 6. e3 O-O 7. Be2 Nbd7 8. O-O
dxc4 9. Bxc4 Nh5 10. Bg5 h6 11. Bh4 g5 12. Bg3 Nb6 13. Bb3 Nxg3 14. fxg3 Bg4
15. Qd3 e6 16. h3 Bh5 17. Rad1 Qe7 18. e4 Rad8 19. g4 Bg6 20. Qe3 Rd7 21. Rd2
Rfd8 22. a3 c5 23. Ne2 cxd4 24. Nexd4 Qc5 25. Rfd1 e5 26. Nf5 Qxe3+ 27. Nxe3
Bxe4 28. Rxd7 Rxd7 29. Re1 Rd3 30. Bc2 Rxe3 31. Bxe4 Rxe1+ 32. Nxe1 Nc4 33. Nd3
Nd6 34. Nf2 Kf8 35. Kf1 Ke7 36. b3 Ke6 37. Ke2 Nxe4 38. Nxe4 Bf8 39. a4 f5 40.
gxf5+ Kxf5 41. Kf3 h5 42. Ng3+ Kg6 43. Ke4 Bd6 44. Nf5 Bb8 45. g4 hxg4 46. hxg4
Kf6 47. Kd5 Bc7 48. Ng3 Kg6 49. Ne4 a6 50. Nc5 Kf7 51. Nxb7 Ke7 52. Nc5 a5 53.
Ne4 Bb6 54. Kxe5 Be3 55. Kf5 Kd7 56. Nxg5 Kd6 57. Ne6 Kd5 58. g5 Bd2 59. g6 Bc3
60. Nf4+ Kd6 61. Ke4 Bg7 62. Kd3 Be5 63. Kc4 Ke7 64. Nh5 Ke6 65. Kb5 Bc3 66.
Nf4+ Kd6 67. Ne2 1-0

[Event "7th European Individual Senior Champion."]
[Site "Hockenheim, Germany"]
[Date "2007.06.03"]
[Round "2.3"]
[White "Funk, Paul"]
[Black "Jansa, Vlastimil"]
[Result "0-1"]
[WhiteElo "2197"]
[BlackElo "2499"]
[PlyCount "106"]
[EventDate "2007.??.??"]

1. d4 Nf6 2. Nf3 g6 3. c4 Bg7 4. Nc3 d5 5. Qa4+ Bd7 6. Qb3 dxc4 7. Qxc4 O-O 8.
e4 Bg4 9. Be2 Nc6 10. Be3 Nd7 11. Rd1 Nb6 12. Qc5 Qd6 13. Qxd6 cxd6 14. O-O
Rfc8 15. h3 Bxf3 16. gxf3 Na5 17. Kg2 Nac4 18. Bc1 e6 19. f4 d5 20. Rd3 dxe4
21. Nxe4 Nd5 22. Kf3 Rc7 23. b3 Na5 24. Rfd1 Bf8 25. Bd2 Nc6 26. Be3 Rac8 27.
h4 h5 28. Rg1 Be7 29. Ng5 Kg7 30. Rd2 Bb4 31. Rdd1 Nc3 32. Ra1 Rd8 33. Bd3 Ne7
34. a3 Ba5 35. Bc4 Rc6 36. Rac1 Nf5 37. Rh1 Nxd4+ 38. Bxd4+ Rxd4 39. Rhe1 Nd5
40. Bxd5 Rxd5 41. Rxc6 bxc6 42. Re3 Bd2 43. Re2 c5 44. Re4 Ba5 45. b4 Bb6 46.
Ke2 cxb4 47. axb4 Kf6 48. Nf3 Kf5 49. Rc4 f6 50. Rc6 Kg4 51. Rxe6 Rf5 52. Nd2
Rxf4 53. f3+ Kxh4 0-1

[Event "7th European Individual Senior Champion."]
[Site "Hockenheim, Germany"]
[Date "2007.06.03"]
[Round "2.4"]
[White "Rashkovsky, Nukhim N"]
[Black "Gabriel, Josef"]
[Result "1-0"]
[WhiteElo "2496"]
[BlackElo "2202"]
[PlyCount "43"]
[EventDate "2007.??.??"]

1. Nf3 f5 2. g3 Nf6 3. Bg2 g6 4. b4 Bg7 5. Bb2 O-O 6. c4 d6 7. d4 a5 8. b5 d5
9. cxd5 Nxd5 10. a4 Nd7 11. O-O e6 12. Nbd2 N7f6 13. Ne5 f4 14. Ndc4 Bh6 15.
Ra3 Nh5 16. Rf3 c6 17. Na3 Nb4 18. b6 fxg3 19. hxg3 Rxf3 20. Nxf3 Nf6 21. e4
Bf8 22. Qb3 {Notation stopped. Game continued.} 1-0

[Event "7th European Individual Senior Champion."]
[Site "Hockenheim, Germany"]
[Date "2007.06.03"]
[Round "2.5"]
[White "Achenbach, Manfred"]
[Black "Tseitlin, Mark D"]
[Result "1/2-1/2"]
[WhiteElo "2187"]
[BlackElo "2491"]
[PlyCount "99"]
[EventDate "2007.??.??"]

1. e4 c5 2. c3 d6 3. d4 Nf6 4. Bd3 Nc6 5. Nf3 g6 6. d5 Nb8 7. c4 Bg7 8. Bd2 O-O
9. Bc3 e5 10. O-O Nh5 11. Bd2 Nf4 12. Bxf4 exf4 13. Qd2 Bg4 14. Be2 Nd7 15. Nc3
Bxf3 16. Bxf3 Ne5 17. Qxf4 Nxc4 18. Qc1 Qa5 19. Rb1 Rab8 20. Be2 Nxb2 21. Nb5
Na4 22. Rb3 Rfd8 23. Rf3 Rd7 24. Rb3 a6 25. Na3 Nc3 26. Bg4 Nxa2 27. Qf4 Rdd8
28. Rh3 Qc7 29. Qd2 Nb4 30. f4 b5 31. f5 Qe7 32. f6 Bxf6 33. Qh6 Bd4+ 34. Kh1
f6 35. Be6+ Kh8 36. Qxg6 Rg8 37. Bxg8 Rxg8 38. Qf5 c4 39. Rf4 Nd3 40. Rff3 Be5
41. Rxh7+ Qxh7 42. Rh3 Rg6 43. Qc8+ Rg8 44. Qf5 Qxh3 45. Qxh3+ Kg7 46. Qd7+ Kh6
47. Qh3+ Kg7 48. Qd7+ Kh8 49. Qh3+ Kg7 50. Qd7+ 1/2-1/2

[Event "7th European Individual Senior Champion."]
[Site "Hockenheim, Germany"]
[Date "2007.06.03"]
[Round "2.6"]
[White "Fradkin, Boris"]
[Black "Lainburg, Victor"]
[Result "1/2-1/2"]
[WhiteElo "2465"]
[BlackElo "2188"]
[PlyCount "56"]
[EventDate "2007.??.??"]

1. d4 d5 2. c4 Nc6 3. Nf3 Bg4 4. Nbd2 e6 5. e3 Nf6 6. Be2 Be7 7. b3 O-O 8. Bb2
Ne4 9. O-O f5 10. Ne1 Bb4 11. Nxe4 Bxe2 12. Qxe2 fxe4 13. a3 Bxe1 14. Raxe1 Rf5
15. f3 exf3 16. Rxf3 Rxf3 17. Qxf3 Qd6 18. c5 Qe7 19. e4 dxe4 20. Qe3 Rf8 21.
Bc3 Qf7 22. h3 Ne7 23. Ba5 Nd5 24. Qxe4 b6 25. cxb6 axb6 26. Bb4 Nxb4 27. axb4
Qf2+ 28. Kh1 Rf6 1/2-1/2

[Event "7th European Individual Senior Champion."]
[Site "Hockenheim, Germany"]
[Date "2007.06.03"]
[Round "2.7"]
[White "Bounianer, Wladimir"]
[Black "Gutman, Lev"]
[Result "1/2-1/2"]
[WhiteElo "2183"]
[BlackElo "2444"]
[PlyCount "69"]
[EventDate "2007.??.??"]

1. d4 Nf6 2. c4 g6 3. Nc3 Bg7 4. e4 O-O 5. Nf3 c6 6. e5 Ne8 7. h4 d6 8. h5 dxe5
9. Nxe5 c5 10. Be3 Qa5 11. Qa4 Qxa4 12. Nxa4 cxd4 13. Bxd4 Nd6 14. hxg6 hxg6
15. O-O-O Nd7 16. Nxd7 Bxd7 17. Nc3 Be6 18. Nd5 Bxd5 19. Bxg7 Kxg7 20. Rxd5
Rfc8 21. Rh4 b5 22. c5 Nf5 23. Rb4 e6 24. Re5 a6 25. a4 bxa4 26. Rxa4 a5 27.
Bd3 Kf6 28. f4 g5 29. Bxf5 gxf4 30. Bxe6 fxe6 31. Rh5 e5 32. Rc4 Rg8 33. Re4
Rae8 34. Re2 Re6 35. Kd2 1/2-1/2

[Event "7th European Individual Senior Champion."]
[Site "Hockenheim, Germany"]
[Date "2007.06.03"]
[Round "2.8"]
[White "Klovans, Janis"]
[Black "Hohler, Peter"]
[Result "1-0"]
[WhiteElo "2441"]
[BlackElo "2183"]
[PlyCount "77"]
[EventDate "2007.??.??"]

1. e4 e5 2. Nf3 Nc6 3. Bb5 a6 4. Ba4 Nf6 5. O-O Be7 6. Re1 b5 7. Bb3 d6 8. c3
O-O 9. h3 Na5 10. Bc2 c5 11. d4 Qc7 12. Nbd2 cxd4 13. cxd4 Rd8 14. d5 Bd7 15.
Nf1 Rdc8 16. Bb1 Nb7 17. g4 a5 18. Ng3 g6 19. Be3 Nc5 20. Qd2 Na4 21. Kh1 b4
22. Rg1 Qb7 23. Bh6 Kh8 24. Bd3 Nc5 25. Bc2 a4 26. Bb1 Rab8 27. Be3 Be8 28. Rc1
Nfd7 29. Qd1 Ra8 30. Nd2 Qb5 31. Kg2 Rab8 32. Ngf1 Ra8 33. Bc2 Rab8 34. b3 Ra8
35. bxa4 Nxa4 36. Bxa4 Rxc1 37. Bxb5 Rxd1 38. Rxd1 Rxa2 39. Rb1 {
Draw in move 57.} 1-0

[Event "7th European Individual Senior Champion."]
[Site "Hockenheim, Germany"]
[Date "2007.06.03"]
[Round "2.9"]
[White "Murey, Jacob"]
[Black "Fischer, Gerd"]
[Result "1-0"]
[WhiteElo "2433"]
[BlackElo "2175"]
[PlyCount "47"]
[EventDate "2007.??.??"]

1. c4 e5 2. Nf3 Nc6 3. g3 Nf6 4. Bg2 Be7 5. Nc3 d6 6. d4 exd4 7. Nxd4 Nxd4 8.
Qxd4 O-O 9. O-O c6 10. Bf4 Be6 11. Rad1 Qa5 12. h3 Rfd8 13. e4 Nh5 14. Bd2 Qe5
15. Qd3 Rd7 16. b3 f5 17. f4 Qc5+ 18. Kh2 fxe4 19. Nxe4 Qa3 20. g4 Nf6 21. Ng5
Bf7 22. Nxf7 Kxf7 23. g5 Ne8 24. Qf5+ 1-0

[Event "7th European Individual Senior Champion."]
[Site "Hockenheim, Germany"]
[Date "2007.06.03"]
[Round "2.10"]
[White "Uhlmann, Wolfgang"]
[Black "Feller, Joseph"]
[Result "1/2-1/2"]
[WhiteElo "2419"]
[BlackElo "2174"]
[PlyCount "44"]
[EventDate "2007.??.??"]

1. c4 b6 2. e4 Bb7 3. Nc3 e5 4. Nf3 Nc6 5. g3 Bc5 6. Bg2 Nge7 7. O-O d6 8. a3
a5 9. d3 O-O 10. Rb1 f5 11. exf5 Nxf5 12. Ng5 Qe7 13. Ne6 Rfb8 14. Bd5 Kh8 15.
Nb5 Rc8 16. Qg4 g6 17. Bg5 h5 18. Bxe7 hxg4 19. Bf6+ Kh7 20. Nbxc7 Rab8 21. Nb5
Re8 22. Kg2 Rxe6 1/2-1/2

[Event "7th European Individual Senior Champion."]
[Site "Hockenheim, Germany"]
[Date "2007.06.03"]
[Round "2.11"]
[White "Jaenig, Reinhard"]
[Black "Chernikov, Oleg L"]
[Result "1-0"]
[WhiteElo "2176"]
[BlackElo "2405"]
[PlyCount "55"]
[EventDate "2007.??.??"]

1. e4 c5 2. Nf3 g6 3. d4 cxd4 4. Nxd4 Bg7 5. Nc3 Nc6 6. Be3 Nf6 7. Bc4 Qa5 8.
O-O d6 9. Bb3 O-O 10. h3 Bd7 11. a3 Nxd4 12. Bxd4 Bc6 13. Nd5 Bxd5 14. exd5 Nd7
15. Bxg7 Kxg7 16. Qd4+ Kg8 17. Rfe1 Rfe8 18. Re3 Nc5 19. Bc4 Qc7 20. Rae1 a6
21. h4 b5 22. Ba2 Qd7 23. h5 f6 24. b4 Nb7 25. hxg6 hxg6 26. c4 Nd8 27. Bb1 Kf7
28. Qh4 1-0

[Event "7th European Individual Senior Champion."]
[Site "Hockenheim, Germany"]
[Date "2007.06.03"]
[Round "2.12"]
[White "Donchenko, Anatoly G"]
[Black "Jicman, Ligia-Letitia"]
[Result "1-0"]
[WhiteElo "2374"]
[BlackElo "2167"]
[PlyCount "93"]
[EventDate "2007.??.??"]

1. Nf3 Nf6 2. c4 c5 3. Nc3 Nc6 4. g3 g6 5. Bg2 Bg7 6. d4 cxd4 7. Nxd4 Nxd4 8.
Qxd4 d6 9. O-O O-O 10. Qd3 Bf5 11. e4 Be6 12. Bd2 Nd7 13. b3 a6 14. a4 Rc8 15.
Rab1 Qb6 16. Nd5 Bxd5 17. exd5 Qd4 18. Qe2 Qe5 19. Rfe1 Qxe2 20. Rxe2 Rfe8 21.
Bh3 f5 22. g4 Bf6 23. gxf5 g5 24. f4 h6 25. Rg2 Kf7 26. Bg4 Rg8 27. Bh5+ Kf8
28. Bg6 Rb8 29. Be3 Rc8 30. a5 g4 31. Rc2 Rc7 32. b4 Kg7 33. Rbc1 Rgc8 34. Bh5
Kh8 35. Kg2 Bh4 36. Bf7 Kg7 37. Be6 Bf6 38. Bb6 h5 39. c5 dxc5 40. Bxc7 Rxc7
41. bxc5 Nb8 42. d6 exd6 43. cxd6 Rxc2+ 44. Rxc2 Nc6 45. Bd5 Nxa5 46. Rc7+ Kh6
47. d7 1-0